000 00612cam a22002177a 4500
001 001331
003 armpunfd
005 20140612090637.0
008 040205e0####xx#a##########000#0#und#d
040 _aarmpunfd
_carmpunfd
080 _a343.221 F 91
100 1 0 _a Frias Caballero, Jorge
245 1 0 _aEl proceso ejecutivo del delito
260 _a Uenos Aires : Editorial Bibliografica Argentina
_b1956.
650 7 _a Delitos
_2LEMB
650 7 _a Proceso Ejecutivo
_2LEMB
650 7 _a Proceso Penal
_2LEMB
942 _cLB
_2cdu
945 _aCatalis
_d2010-08-19
945 _aCatalis
_d2010-08-19
999 _c1322
_d231826